<?xml version="1.0" encoding="UTF-8"?>
<record
    xmlns:xsi="http://www.w3.org/2001/XMLSchema-instance"
    xsi:schemaLocation="http://www.loc.gov/MARC21/slim http://www.loc.gov/standards/marcxml/schema/MARC21slim.xsd"
    xmlns="http://www.loc.gov/MARC21/slim">

  <leader>01675nam a2200301   4500</leader>
  <controlfield tag="003">DO-SdBNP</controlfield>
  <controlfield tag="005">20210818155828.0</controlfield>
  <controlfield tag="007">ta</controlfield>
  <controlfield tag="008">210818b2018       ||||| |||| 00| 0 spa  </controlfield>
  <datafield tag="020" ind1=" " ind2=" ">
    <subfield code="a">978-9945-592-25-2</subfield>
  </datafield>
  <datafield tag="040" ind1=" " ind2=" ">
    <subfield code="a">DO-SdBNP</subfield>
    <subfield code="b">spa</subfield>
    <subfield code="c">BNPHU</subfield>
  </datafield>
  <datafield tag="082" ind1=" " ind2="4">
    <subfield code="2">22</subfield>
    <subfield code="a">920.72</subfield>
    <subfield code="b">R621</subfield>
  </datafield>
  <datafield tag="100" ind1=" " ind2="1">
    <subfield code="9">72068</subfield>
    <subfield code="a">Rivera-Garrido, Martha,</subfield>
    <subfield code="d">1960-</subfield>
  </datafield>
  <datafield tag="245" ind1=" " ind2=" ">
    <subfield code="a">Ton&#xF3; : </subfield>
    <subfield code="b">una historia de solidaridad sin l&#xED;mites con las Hermanas Mirabal y su familia /</subfield>
    <subfield code="c">Rivera Garrido, Martha</subfield>
  </datafield>
  <datafield tag="260" ind1=" " ind2=" ">
    <subfield code="a">Santo Domingo :</subfield>
    <subfield code="b">Fundaci&#xF3;n Hermanas Mirabal,</subfield>
    <subfield code="c">2018.</subfield>
  </datafield>
  <datafield tag="300" ind1=" " ind2=" ">
    <subfield code="a">188 p. : </subfield>
    <subfield code="b">il. ; tot.</subfield>
    <subfield code="c">23 cm</subfield>
  </datafield>
  <datafield tag="440" ind1=" " ind2=" ">
    <subfield code="a">Colecci&#xF3;n Fundaci&#xF3;n Hermanas Mirabal</subfield>
    <subfield code="9">79485</subfield>
  </datafield>
  <datafield tag="500" ind1=" " ind2=" ">
    <subfield code="a">Incluye datos biogr&#xE1;ficos del autor en la solapa del libro.</subfield>
  </datafield>
  <datafield tag="504" ind1=" " ind2=" ">
    <subfield code="a">Incluye bibliogr&#xE1;f&#xED;a : p.187</subfield>
  </datafield>
  <datafield tag="505" ind1=" " ind2=" ">
    <subfield code="a">Contenido</subfield>
    <subfield code="t">Pr&#xF3;logo --</subfield>
    <subfield code="t">Nota de la autora--</subfield>
    <subfield code="t">La memoria de las cosas --</subfield>
    <subfield code="t">Esa  patria que es  la infancia --</subfield>
    <subfield code="t">En el tiempo de ser j&#xF3;venes-</subfield>
    <subfield code="t">Las bodas de las muchachas--</subfield>
    <subfield code="t">Cuando la vida cambi&#xF3; para siempre --</subfield>
    <subfield code="t">Llegaron llenos de patriotismo --</subfield>
    <subfield code="t">Nunca tuvimos miedo --</subfield>
    <subfield code="t">Am&#xE9;n de Mariposas --</subfield>
    <subfield code="t">La muerte del diablo viejo --</subfield>
    <subfield code="t">Manolo y las "Escarpadas monta&#xF1;osas del Quisqueya" --</subfield>
    <subfield code="t">Los muchachos --</subfield>
    <subfield code="t">Los viajes de Ton&#xF3; --</subfield>
    <subfield code="t">Retorno a casa --</subfield>
    <subfield code="t">Los testimonios --</subfield>
    <subfield code="t">Fotos --</subfield>
    <subfield code="t">Fuentes--</subfield>
  </datafield>
  <datafield tag="650" ind1=" " ind2=" ">
    <subfield code="a">Relatos</subfield>
    <subfield code="v">Hermanas Mirabal</subfield>
    <subfield code="y">1960-</subfield>
    <subfield code="z">Rep&#xFA;blica Dominicana</subfield>
    <subfield code="9">79488</subfield>
  </datafield>
  <datafield tag="650" ind1=" " ind2=" ">
    <subfield code="a">Relatos biogr&#xE1;fico</subfield>
    <subfield code="v">Hermanas Mirabal</subfield>
    <subfield code="9">79489</subfield>
  </datafield>
  <datafield tag="650" ind1=" " ind2=" ">
    <subfield code="a">Literatura dominicana</subfield>
    <subfield code="9">79490</subfield>
  </datafield>
  <datafield tag="700" ind1=" " ind2="1">
    <subfield code="a">Tav&#xE1;rez Mirabal, Minou,</subfield>
    <subfield code="9">72947</subfield>
    <subfield code="d">1956-</subfield>
    <subfield code="e">Colaboraci&#xF3;n especial</subfield>
  </datafield>
  <datafield tag="700" ind1=" " ind2="1">
    <subfield code="a">Irina Miol&#xE1;n</subfield>
    <subfield code="e">ilustraci&#xF3;n</subfield>
    <subfield code="9">79492</subfield>
  </datafield>
  <datafield tag="700" ind1=" " ind2="1">
    <subfield code="a">Ana Antonia Rosario (Ton&#xF3;)</subfield>
    <subfield code="e">Fotograf&#xED;as / Archivos</subfield>
    <subfield code="9">79493</subfield>
  </datafield>
  <datafield tag="942" ind1=" " ind2=" ">
    <subfield code="2">ddc</subfield>
    <subfield code="c">LBS1</subfield>
  </datafield>
  <datafield tag="952" ind1=" " ind2=" ">
    <subfield code="0">0</subfield>
    <subfield code="1">0</subfield>
    <subfield code="2">ddc</subfield>
    <subfield code="5">1</subfield>
    <subfield code="7">1</subfield>
    <subfield code="8">MO</subfield>
    <subfield code="a">BNPHU</subfield>
    <subfield code="b">PD</subfield>
    <subfield code="c">CT</subfield>
    <subfield code="d">2021-06-21</subfield>
    <subfield code="e">Donado</subfield>
    <subfield code="l">0</subfield>
    <subfield code="p">2021-25478</subfield>
    <subfield code="r">2021-08-18</subfield>
    <subfield code="w">2021-08-18</subfield>
    <subfield code="y">LBS1</subfield>
  </datafield>
  <datafield tag="999" ind1=" " ind2=" ">
    <subfield code="c">50216</subfield>
    <subfield code="d">50216</subfield>
  </datafield>
</record>
